00398nam a2200145Ia 4500008004100000020001500041041001200056082001600068100001500084245009400099260002500193300000800218650000800226700001800234221030s9999 xx 000 0 und d a0074622455 aEnglish a105.23bMil aJ. Millman 0aIntegrated Electronics Analog & digital Circuits & systemscby J. Millman, C. C. Halkias bTMHaNew Delhic1999 a910 aECE aC. C. Halkias